MLB Postseason No-Hitters - Statistics

General Stats
  • This quiz has been taken 83 times
  • The average score is 3 of 6
Answer Stats
Year Round Team Pitcher % Correct
2010 NLDS Phillies Roy Halladay
89%
1956 World Series Yankees Don Larsen
68%
2022 World Series Astros Ryan Pressly
62%
2022 World Series Astros Cristian Javier
52%
2022 World Series Astros Bryan Abreu
33%
2022 World Series Astros Rafael Montero
29%
No matching quizzes found
Score Distribution
Percent of People with Each Score
Percentile by Number Answered
Your Score History
You have not taken this quiz